Mitchell's structure and fabric (Record no. 106201)
[ view plain ]
| 000 -LEADER | |
|---|---|
| fixed length control field | 01306cam a2200313 4500 |
| 001 - CONTROL NUMBER | |
| control field | L135769 |
| 008 - FIXED-LENGTH DATA ELEMENTS--GENERAL INFORMATION | |
| fixed length control field | 061208n2006 000 0 eng u |
| 020 ## - INTERNATIONAL STANDARD BOOK NUMBER | |
| International Standard Book Number | 9781405891127 |
| 022 ## - INTERNATIONAL STANDARD SERIAL NUMBER | |
| International Standard Serial Number | 9780131970946 |
| 035 ## - SYSTEM CONTROL NUMBER | |
| System control number | (Sirsi) u135769 |
| 041 0# - LANGUAGE CODE | |
| Language code of text/sound track or separate title | eng |
| 050 04 - LIBRARY OF CONGRESS CALL NUMBER | |
| Classification number | 690 $2 18 |
| 100 1# - MAIN ENTRY--PERSONAL NAME | |
| Personal name | Foster, Jack Stroud |
| 245 00 - TITLE STATEMENT | |
| Title | Mitchell's structure and fabric |
| Remainder of title | part 1 |
| Medium | [electronic resource] |
| 250 ## - EDITION STATEMENT | |
| Edition statement | 7th ed. |
| 260 ## - PUBLICATION, DISTRIBUTION, ETC. | |
| Place of publication, distribution, etc. | Harlow |
| Name of publisher, distributor, etc. | Prentice Hall |
| Date of publication, distribution, etc. | 2006 |
| 300 ## - PHYSICAL DESCRIPTION | |
| Extent | eBook |
| 490 #0 - SERIES STATEMENT | |
| Series statement | Mitchell's Building Series |
| 505 0# - FORMATTED CONTENTS NOTE | |
| Formatted contents note | The nature of buildings and building -- The production of buildings -- Structural behaviour -- Foundations -- Wall and piers -- Framed structures -- Roof structures -- Floor structures -- Fireplaces, flues and chimneys -- Stairs -- Temporary works |
| 520 ## - SUMMARY, ETC. | |
| Summary, etc. | Discusses the principles and practices used in the construction of houses and other lowrise buildings. Provides some guidance with regards to current legislation, British standards and building regulations. |
| 590 ## - LOCAL NOTE (RLIN) | |
| Local note | KA |
| 650 24 - SUBJECT ADDED ENTRY--TOPICAL TERM | |
| Topical term or geographic name entry element | EBOOK |
| 651 #4 - SUBJECT ADDED ENTRY--GEOGRAPHIC NAME | |
| Geographic name | United Kingdom |
| Chronological subdivision | |
| 690 ## - LOCAL SUBJECT ADDED ENTRY--TOPICAL TERM (OCLC, RLIN) | |
| Topical term or geographic name as entry element | BUILT ENVIRONMENT-CONSTRUCTION DESIGN |
| 700 1# - ADDED ENTRY--PERSONAL NAME | |
| Personal name | Greeno, Roger |
| 856 48 - ELECTRONIC LOCATION AND ACCESS | |
| Uniform Resource Identifier | <a href="https://www.vlebooks.com/">https://www.vlebooks.com/</a> |
| Public note | View on VLEbooks. Logins for members only from [email protected] |
| 942 ## - ADDED ENTRY ELEMENTS (KOHA) | |
| Suppress in OPAC | 0 |
| Withdrawn status | Lost status | Damaged status | Not for loan | Home library | Current library | Shelving location | Date acquired | Cost, normal purchase price | Total Checkouts | Full call number | Barcode | Date last seen | Date last checked out | Copy number | Cost, replacement price | Price effective from | Koha item type | Source of classification or shelving scheme |
|---|---|---|---|---|---|---|---|---|---|---|---|---|---|---|---|---|---|---|
| Missing from bundle | London | London | Books | 10/01/2007 | 31.99 | 20 | 690 FOR | 30073572 | 06/08/2019 | 16/04/2010 | 1 | 31.99 | 06/08/2019 | Book | ||||
| Virtual | Virtual | Online | 10/02/2010 | 37.99 | EBOOK | 135769-3001 | 06/08/2019 | 1 | 37.99 | 06/08/2019 | Book | Dewey Decimal Classification |